| 000 | 01460nam a2200265 i 4500 | ||
|---|---|---|---|
| 003 | IT-RoINE | ||
| 005 | 20190130105736.0 | ||
| 008 | 041027s1978 xx |r u001|| ita|d | ||
| 040 |
_aIT-RoPUS _cIT-RoPUS IT-RoINE _dIT-RoINE |
||
| 100 | 1 |
_aSaitta, Armando, _d1919-1991 _95921 |
|
| 245 | 1 | 0 |
_a2000 anni di storia / _cArmando Saitta. |
| 246 | 1 | 3 | _aDuemila anni di storia |
| 260 |
_aRoma ; _aBari : _bLaterza, _c1978- |
||
| 300 |
_av. ; _c20 cm. |
||
| 336 |
_2rdacontent _atext |
||
| 337 |
_2rdamedia _aunmediated |
||
| 338 |
_2rdacarrier _avolume |
||
| 490 | 1 | _aStoria e società | |
| 500 | _aIncluye índice. | ||
| 504 | _aIncluye referencias bibliograficás. | ||
| 505 | 1 | _av. 1: Cristiani e barbari -- v. 2: Dall'impero di Roma a Bisanzio -- v. 3: Giustiniano e Maometto -- v. 4: L'impero carolingio -- v. 5: L'Europa feudale e slava -- v. 6: Dopo il Mille: imperatori, vescovi e Comuni -- v. 7: Federico II -- v. 8: l'Umanesimo e la scoperta dell'America -- v. 9: L'etá di Carlo V -- v. 10: Controriforma e assolutismo -- v. 11: L'Europa di Richelieu e di Cromwell -- v. 12: Il Settecento -- v. 13: La rivoluzione francese e Napoleone -- v. 14: Rivoluzione industriale e trionfo delle nazionalitá -- v. 15: L'Europa imperialista -- v. 16: La prima guerra mondiale -- v. 17: Bolscevismo e fascismi -- v. 18 La svolta del secondo dopoguerra | |
| 651 | 4 |
_940001 _aEuropa _xHistoria |
|
| 830 | 0 |
_aStoria e società (Laterza) _916632 |
|
| 942 | _cMTS | ||
| 999 |
_c26703 _d26703 |
||